000 00529nam a2200205Ia 4500
003 GCL
008 140319s9999 xx 000 0 eng d
040 _aGCL /
_cGCL
082 0 4 _a823
_bA F
100 1 _aANDREWS, VIRGINIA.
245 1 0 _aFLOWERS IN THE ATTIC /
_cANDREWS, VIRGINIA.
260 _a[S.N] :
_bHARPER COLLINS COLLEGE PUBLISBERS ،
_c1993
300 _a384 P
650 0 4 _aENGLISH LITERATURE
650 0 4 _aLITERATURE
650 0 4 _aENGLISH FICTION
650 0 4 _aNOVELS
650 0 4 _aFICTION
942 _2ddc
_cBK
999 _c13058
_d13058